000 00470nam a2200169Ia 4500
008 230917s9999||||xx |||||||||||||| ||und||
020 _cRS 1700.00
040 _e5006429
_aMAIN
041 _aEnglish
082 _a784.40954558 D536H
100 _aDhankar, Reeta
245 0 _aHaryana tatha Punjab ki sangeet parampara
260 _aDelhi
_bSanjay Prakashan
_c2022
300 _axiv, 405 p.
500 _a4584 17/10/2022 HBD22/9432 19/10/2022 Main Budget
942 _cBK
999 _c5873
_d5873